| 000 | 00688nam a2200217 a 4500 | ||
|---|---|---|---|
| 005 | 20240911064335.0 | ||
| 008 | 030904s2004 mx r 000 0 spa d | ||
| 020 | _a9687485140 | ||
| 035 | _aUPN01000138173 | ||
| 049 | _aCG | ||
| 050 | 4 |
_aQ175 _bG8.2 2004 |
|
| 100 | 1 |
_aGutiérrez-Vázquez, Juan Manuel, _d1928-2008 |
|
| 245 | 1 | 0 |
_aAprendiendo a enseñar y enseñando a aprender / _cJ. M. Gutiérrez-Vázquez. |
| 250 | _a2a ed. corr. y aum. | ||
| 260 |
_aPátzcuaro, Mich. : _bCREFAL, _c2004. |
||
| 300 |
_a96 p., [1] h. pleg. : _bil. |
||
| 650 | 4 |
_aCiencia _xFilosofía _94696 |
|
| 650 | 2 |
_aDesarrollo curricular _9405 |
|
| 650 | 2 |
_aPlanificación curricular _95734 |
|
| 905 | _aLibro | ||
| 999 |
_c110321 _d110321 |
||